Follow That Line: Dr. Seuss Quiz Stats

 Plays Quiz Updated Nov 3, 2015

Challenge
Share
Tweet
Embed
Score 0/30 Timer 07:00
0 Plays Today
% Correct
I do not like them Sam-I-Am.
98.1%
Red fish. Blue fish.
91%
I can read in blue.
87.3%
The Plain-Belly Sneetches had none upon thars.
86.8%
It's about what it can become.
85.4%
Nothing is going to get better. It's not.
85.3%
For the trees have no tongues.
85.2%
Funny things are everywhere!
83.9%
Stood puzzling and puzzling, how could it be so?
83.9%
There is no one alive who is Youer than You.
83.8%
Because there’s so so much to read.
83.8%
When you were born to stand out?
83.6%
And you'll see in the spotlight. A Juggling Jott.
83.3%
Where the average young person just hasn’t a chance.
83%
But down here at the bottom we, too, should have rights.
81.8%
% Correct
He should not be here when your mother is not.
81.7%
No matter how small.
81.4%
Yes! You will indeed!
80.3%
Doesn't come from a store.
79.5%
If you keep your eyes shut.
79.3%
An elephant's faithful one-hundred percent!
78.5%
You have feet in your shoes.
78.4%
Must be kind to his guests.
77%
Night. Fight. We fight all night.
75.5%
I said them but I lied them.
74.7%
Oh, marvelous me!
71.1%
Today is your day!
69.5%
They're good fun to have about.
68.9%
As you can plainly see.
68.9%
You’re safe now. Don’t worry. I won’t let you down.
65.6%

You're not logged in!

Compare scores with friends on all Sporcle quizzes.
OR
Log In

You Might Also Like...

Show Comments

Extras

Top Quizzes Today


Score Distribution

Your Account Isn't Verified!

In order to create a playlist on Sporcle, you need to verify the email address you used during registration. Go to your Sporcle Settings to finish the process.

Report this User

Report this user for behavior that violates our Community Guidelines.

Details: